| 000 | 01229nam a2200373 i 4500 | ||
|---|---|---|---|
| 001 | 192988 | ||
| 003 | ItRI | ||
| 005 | 20250823062244.0 | ||
| 007 | ta | ||
| 008 | 230714s2010 hu |||||| ||||| |||||c | ||
| 020 | _a9789630588324 | ||
| 040 |
_bita _cES-MaACL |
||
| 082 |
_a453.94511 _219 |
||
| 100 | 1 |
_aHerczeg, Gyula, _9233730 _d1920-1994 _eaut |
|
| 245 | 1 | 0 |
_aOlasz-magyar szótár / _cHerczeg Gyula, Juhász Zsuzsanna. |
| 246 | 1 | 1 | _aVocabolario italiano-ungherese |
| 250 | _aInternetes hozzáféréssel | ||
| 260 |
_aBudapest : _bAkadémiai Kiadó, _c2010 |
||
| 300 |
_aXV, 1086 páginas ; _c25 cm |
||
| 336 |
_2rdacontent _aTexto |
||
| 337 |
_2rdamedia _asin mediación |
||
| 338 |
_2rdacarrier _avolumen |
||
| 500 | _aEdición con acceso on-line | ||
| 650 | 0 |
_aLengua italiana- _vDiccionarios- _xHúngaro _9233732 |
|
| 650 | 0 |
_aLengua húngara- _vDiccionarios- _xItaliano _9233733 |
|
| 655 | 0 |
_aDiccionarios _9193753 |
|
| 700 |
_aJuhász, Zsuzsanna _9233731 _eaut |
||
| 852 |
_aES-MaACL _bR.153380 _cDEPOJ _hDonación: Editorial _jN-8501 _xCartoné _9200289 |
||
| 942 |
_n0 _cMONOGRAFIA |
||
| 982 | 1 |
_6z01 _an |
|
| 999 |
_c192988 _d192988 |
||